01027nam a2200277 a 450000100060000000300080000600500170001400800390003102000150007003500190008504000270010404100080013108200260013910000320016524501180019726000600031530000320037550400200040760000480042760000450047565000530052065000470057365000520062070000530067270000240072523680BD-RjUL20211209000946.0140311s1982 caua 001 0ceng a0804711143 a(BD-RjUL)23745 aDLCcDLCdBD-RjULbeng aeng00a826.808219bCAC 19821 aCarlyle, Thomasd1795-1881.14aThe correspondence of Thomas Carlyle and John Ruskin /cThomas Carlyle, John Ruskin, edited by George Allan Cate. aStanford ; Calif. :bStanford University Press,cc1982. ax, 251 p. :bill. ;c23 cm. aIncludes index.10aCarlyle, Thomasd1795-1881xCorrespondence.10aRuskin, Johnd1819-1900xCorrespondence. 0aAuthors, Scottishy19th centuryxCorrespondence. 0aHistorianszGreat BritainxCorrespondence. 0aAuthors, Englishy19th centuryxCorrespondence.12aRuskin, Johnd1819-1900.tCorrespondence.f1982.1 aCate, George Allan.